[Event "Ì13Â "]
[Site "Loo"]
[Date "2017.04.20"]
[Round "1.9"]
[White "Òàðàñîâ, Äàíèëà."]
[Black "Ñòóêàí, Ìàðòèí."]
[Result "0-1"]
[WhiteElo "1768"]
[BlackElo "1971"]
[PlyCount "200"]
[EventDate "2017.04.20"]

1. e4 c5 2. Nf3 d6 3. d4 cxd4 4. Nxd4 Nf6 5. Nc3 a6 6. Nb3 g6 7. Be2 Bg7 8. Be3
Nc6 9. f3 Be6 10. Nd5 Bxd5 11. exd5 Ne5 12. f4 Ned7 13. Bf3 Rc8 14. O-O O-O 15.
Qd3 Qc7 16. c3 Nb6 17. Nd2 Na4 18. Rab1 Qd7 19. c4 Nc5 20. Bxc5 dxc5 21. Ne4
Nxe4 22. Qxe4 b5 23. b3 b4 24. g3 a5 25. Bg2 a4 26. Rbe1 Rc7 27. f5 Qd6 28. Rf3
axb3 29. axb3 Ra8 30. fxg6 hxg6 31. Ref1 Bf6 32. g4 Ra1 33. Rxa1 Bxa1 34. Rf1
Bf6 35. Qf3 Qe5 36. Kh1 Ra7 37. h3 Kg7 38. Qf2 Qd4 39. Qf3 Ra1 40. Rxa1 Qxa1+
41. Qf1 Qb2 42. Qd1 Be5 43. Kg1 Qc3 44. Bf3 Qe3+ 45. Kg2 Qf4 46. Kf1 Qg3 47.
Qe2 Qxh3+ 48. Bg2 Qh2 49. Bf3 Qf4 50. Qe4 Qf6 51. Qd3 Bd4 52. Qe4 Qh4 53. Qe2
Qg3 54. Qg2 Qf4 55. Qe2 Qc1+ 56. Qd1 Qb2 57. Be2 Bc3 58. Kf2 Bd2 59. Kf1 Qd4
60. Bf3 Qf4 61. Kg2 Bc3 62. Qe2 Be5 63. Kf1 f6 64. Qe4 Qg3 65. Qe2 Kf8 66. Qf2
Qf4 67. Be2 Qc1+ 68. Qe1 Qb2 69. Qd1 Bd4 70. Kg2 Ke8 71. Qd3 Kd7 72. Qe4 Be5
73. Qd3 Kd6 74. Qd1 Qc3 75. Qd3 Qe1 76. Qf3 Bd4 77. Qg3+ Qxg3+ 78. Kxg3 Ke5 79.
Kf3 Bb2 80. Bd3 f5 81. gxf5 g5 82. Kg4 Bc1 83. Bc2 Bf4 84. Kf3 Kd4 85. Ke2 Kc3
86. Bd1 g4 87. Ke1 g3 88. Ke2 Kb2 89. Kf3 Bd6 90. Ke3 Kc1 91. Bf3 Kc2 92. Ke4
Kxb3 93. f6 exf6 94. Kf5 Kxc4 95. Ke6 Be5 96. d6 Bxd6 97. Kxd6 b3 98. Ke6 b2
99. Be4 g2 100. Bxg2 b1=Q 0-1

[Event "Ì13Â "]
[Site "Loo"]
[Date "2017.04.20"]
[Round "1.10"]
[White "Òðîôèìîâ, Ïàâåë."]
[Black "Ïàíüêîâ, Äàíèèë."]
[Result "1/2-1/2"]
[WhiteElo "1933"]
[BlackElo "1764"]
[PlyCount "84"]
[EventDate "2017.04.20"]

1. d4 Nf6 2. Bf4 d5 3. Nf3 e6 4. e3 c5 5. Nbd2 Nc6 6. c3 Be7 7. Bd3 O-O 8. O-O
b6 9. h3 Bb7 10. Qe2 Bd6 11. Ne5 Qc7 12. Ndf3 h6 13. Nxc6 Qxc6 14. Bxd6 Qxd6
15. a4 Nd7 16. e4 cxd4 17. e5 Qe7 18. cxd4 Rfc8 19. Rfc1 Qb4 20. Ba6 Bxa6 21.
Qxa6 Qf8 22. Ne1 Qd8 23. Nd3 Qf8 24. Kh2 Kh7 25. Qb7 Qd8 26. Qa6 Qf8 27. Qb5
Qe8 28. Qa6 Qf8 29. a5 Qd8 30. axb6 axb6 31. Qb7 Rxc1 32. Rxc1 Rb8 33. Qc6 Kg8
34. Rc3 g6 35. Nf4 Nf8 36. Qb5 Rb7 37. Rg3 Qh4 38. Rf3 Qe7 39. Rc3 Qd7 40. Qd3
Rc7 41. Ne2 Rxc3 42. Nxc3 Qc6 1/2-1/2

[Event "Ì13Â "]
[Site "Loo"]
[Date "2017.04.20"]
[Round "1.11"]
[White "Ãðåõîâ, Ëóêà."]
[Black "Ìî÷àëèí, Ôàääåé."]
[Result "1/2-1/2"]
[WhiteElo "1756"]
[BlackElo "1925"]
[PlyCount "101"]
[EventDate "2017.04.20"]

1. e4 c5 2. c3 Nf6 3. e5 Nd5 4. d4 cxd4 5. Nf3 Nc6 6. cxd4 d6 7. Bc4 Nb6 8. Bb5
Bd7 9. O-O Nxe5 10. Nxe5 dxe5 11. Bxd7+ Qxd7 12. dxe5 Qxd1 13. Rxd1 Nc4 14. f4
e6 15. b3 Bc5+ 16. Kf1 Nb6 17. Nc3 O-O 18. g3 Bb4 19. Ne4 Nd5 20. Bd2 Ba3 21.
Nc3 Nc7 22. Bc1 Bb4 23. Ne4 Rac8 24. Bd2 Be7 25. Rac1 Ba3 26. Rc4 Rfd8 27. Ke2
b6 28. Bc1 Rxd1 29. Bxa3 Rd7 30. Bd6 h5 31. Nc3 Kh7 32. Ne4 Kg6 33. Nf2 f6 34.
Nd3 Kf5 35. Rc6 Kg4 36. Nf2+ Kf5 37. Nd3 Kg6 38. Nb4 fxe5 39. Nd3 Rxd6 40.
Nxe5+ Kf5 41. Rxd6 Nb5 42. Rd2 Nc3+ 43. Kf3 Ne4 44. Rd4 Rc3+ 45. Ke2 h4 46. g4+
Kxf4 47. Nd3+ Kxg4 48. Rxe4+ Kf5 49. Rxh4 Rc2+ 50. Ke3 Rxa2 51. Rf4+ 1/2-1/2

[Event "Ì13Â "]
[Site "Loo"]
[Date "2017.04.20"]
[Round "1.12"]
[White "Êóëèê, Àðòóð."]
[Black "Áåëîøàïêî, Ìàòâåé."]
[Result "0-1"]
[WhiteElo "1918"]
[BlackElo "1750"]
[PlyCount "64"]
[EventDate "2017.04.20"]

1. d4 Nf6 2. c4 g6 3. Nf3 Bg7 4. Nc3 O-O 5. e4 d6 6. Be2 c5 7. d5 e6 8. O-O
exd5 9. cxd5 a6 10. a4 Re8 11. Qc2 b6 12. h3 Ra7 13. Bf4 Nh5 14. Bh2 f5 15. Nd2
Nf6 16. Bd3 fxe4 17. Ndxe4 Nxe4 18. Nxe4 Rd7 19. Rae1 Bb7 20. Bf4 Bxd5 21. Bg5
Qc8 22. Nf6+ Bxf6 23. Bxg6 Rxe1 24. Rxe1 Be5 25. Bf5 Qf8 26. Bxd7 Nxd7 27. Qd1
Bd4 28. Qg4 Qxf2+ 29. Kh2 Ne5 30. Qc8+ Kg7 31. Qc7+ Nf7 32. Bh6+ Kxh6 0-1

[Event "Ì13Â "]
[Site "Loo"]
[Date "2017.04.20"]
[Round "1.13"]
[White "Ìåðö, Äìèòðèé."]
[Black "Äàí÷åíêî, Àðòåìèé."]
[Result "1/2-1/2"]
[WhiteElo "1744"]
[BlackElo "1888"]
[PlyCount "83"]
[EventDate "2017.04.20"]

1. e4 e5 2. Nf3 Nc6 3. Bb5 a6 4. Ba4 Nf6 5. d3 d6 6. h3 g6 7. O-O Bg7 8. Re1
O-O 9. Nbd2 Nd7 10. Nf1 Nc5 11. Bb3 Nxb3 12. axb3 h6 13. Ne3 Ne7 14. d4 exd4
15. Nxd4 d5 16. exd5 Nxd5 17. c3 c5 18. Nxd5 Qxd5 19. Nf3 Be6 20. Qxd5 Bxd5 21.
Be3 Rac8 22. Nd2 f5 23. f4 Rfe8 24. Kf2 Kf7 25. g3 Rc6 26. Ra5 Bf8 27. Nf3 Bd6
28. Nd2 Be6 29. Rd1 Rd8 30. Ke2 Re8 31. Kf2 Rec8 32. Nc4 Bxc4 33. bxc4 Ra8 34.
Rd5 b6 35. Ra1 a5 36. Rad1 Ke6 37. Re1 Kd7 38. g4 Rf8 39. gxf5 Rxf5 40. Rxf5
gxf5 41. Rg1 Bf8 42. Kf3 1/2-1/2

[Event "Ì13Â "]
[Site "Loo"]
[Date "2017.04.20"]
[Round "1.14"]
[White "Åôðåìîâ, Âëàäèñëàâ."]
[Black "Ìîðîçîâ, Ãåííàäèé."]
[Result "1/2-1/2"]
[WhiteElo "1879"]
[BlackElo "1738"]
[PlyCount "82"]
[EventDate "2017.04.20"]

1. d4 Nf6 2. c4 g6 3. Nc3 Bg7 4. e4 O-O 5. f3 d6 6. Be3 Nc6 7. Nge2 a6 8. Qd2
e5 9. d5 Ne7 10. g4 Ne8 11. g5 f5 12. gxf6 Nxf6 13. Ng3 c5 14. h4 Qe8 15. Bh6
Qf7 16. Bxg7 Qxg7 17. a4 Bd7 18. b3 Ne8 19. Be2 Qf6 20. Qg5 Qf4 21. Qxf4 exf4
22. Nf1 Nf6 23. Rb1 a5 24. Nd1 Be8 25. Nf2 Nd7 26. Nd3 Kg7 27. Rg1 h5 28. Nd2
Ra6 29. Rb2 b6 30. Nb1 Ra7 31. Nc3 Ne5 32. Nxe5 dxe5 33. Nd1 Ng8 34. Nf2 Nh6
35. Nh3 Nf7 36. Bd3 Bd7 37. Ng5 Nxg5 38. Rxg5 Kf6 39. Rbg2 Be8 40. Bf1 Rd7 41.
Rg1 Rd6 1/2-1/2

[Event "Ì13Â "]
[Site "Loo"]
[Date "2017.04.20"]
[Round "1.15"]
[White "Êîçóáîâ, Ìèõàèë."]
[Black "Ëüâîâ, Íèêèòà."]
[Result "0-1"]
[WhiteElo "1732"]
[BlackElo "1879"]
[PlyCount "76"]
[EventDate "2017.04.20"]

1. c4 c5 2. Nc3 Nc6 3. d3 g6 4. e4 Bg7 5. g3 e6 6. Bg2 Nge7 7. Nge2 O-O 8. O-O
d6 9. Be3 Nd4 10. f4 Nec6 11. Rb1 Qd7 12. a3 b6 13. b4 Bb7 14. Qd2 Rae8 15. Kh1
f5 16. bxc5 dxc5 17. e5 Rd8 18. Bxd4 Nxd4 19. Nc1 g5 20. Rd1 gxf4 21. gxf4 Kh8
22. Nb3 Rg8 23. Nxd4 Bxg2+ 24. Qxg2 Qxd4 25. Ne2 Qe3 26. Rb3 Bxe5 27. Qf1 Bf6
28. Ng3 Rg4 29. Re1 Qd4 30. Rxe6 Bh4 31. Ne2 Qd7 32. Re5 Qc6+ 33. Rd5 Rxd5 34.
d4 Rxd4+ 35. Rf3 Rd1 36. h3 Rxf1+ 37. Kh2 Rh1+ 38. Kxh1 Qxf3+ 0-1

[Event "Ì13Â "]
[Site "Loo"]
[Date "2017.04.20"]
[Round "1.16"]
[White "Ãðåáíåâ, Àëåêñåé."]
[Black "Òåðçÿí, Íàçàð."]
[Result "1/2-1/2"]
[WhiteElo "1874"]
[BlackElo "1715"]
[PlyCount "76"]
[EventDate "2017.04.20"]

1. e4 c5 2. Nf3 Nc6 3. d4 cxd4 4. Nxd4 g6 5. Nc3 Bg7 6. Be3 Nf6 7. Nxc6 bxc6 8.
e5 Ng8 9. Bd4 Qc7 10. Bc4 Bxe5 11. O-O Nf6 12. Re1 d6 13. Bxe5 dxe5 14. Qe2 Bf5
15. Bb3 e4 16. h3 h5 17. Qc4 O-O 18. Nb5 Qe5 19. Nd4 c5 20. Nxf5 Qxf5 21. c3
Rad8 22. Rad1 Rd6 23. a4 Qg5 24. a5 Rxd1 25. Bxd1 Rd8 26. Bb3 e6 27. Rd1 Rxd1+
28. Bxd1 Qd2 29. Qe2 Qd8 30. Bc2 Qd6 31. Qe3 Kg7 32. Bb1 Qd5 33. Qe2 Qe5 34.
Qe3 Qd5 35. Qe2 Qe5 36. Qe3 Qd5 37. Qe2 Qe5 38. Qe3 Qd5 1/2-1/2

[Event "Ì13Â "]
[Site "Loo"]
[Date "2017.04.20"]
[Round "1.17"]
[White "Êîë÷èí, Ìàêñèì."]
[Black "Ïóòðåíêî, Êèðèëë."]
[Result "0-1"]
[WhiteElo "1713"]
[BlackElo "1872"]
[PlyCount "72"]
[EventDate "2017.04.20"]

1. d4 g6 2. Nf3 Bg7 3. Bf4 b6 4. e3 Bb7 5. Be2 Nh6 6. O-O O-O 7. Nbd2 d6 8. c4
Nd7 9. Rc1 e5 10. Bg5 f6 11. Bxh6 Bxh6 12. c5 dxc5 13. Qb3+ Kh8 14. dxc5 Bxf3
15. Bxf3 Nxc5 16. Rxc5 bxc5 17. Bxa8 Qxd2 18. Bf3 Qb4 19. Qc2 Rd8 20. Rd1 Rd6
21. a3 Qb5 22. h4 Bf8 23. h5 Kg7 24. g4 Qd7 25. Rf1 Rd2 26. Qc4 gxh5 27. Kh2
Bd6 28. Qe4 Rxb2 29. gxh5 Kh6 30. Bg4 Qg7 31. Kh3 Qg5 32. Rg1 Rxf2 33. Rg3 f5
34. Qh1 fxg4+ 35. Rxg4 Qf5 36. Qg1 Rf3+ 0-1

[Event "Ì13Â "]
[Site "Loo"]
[Date "2017.04.20"]
[Round "1.18"]
[White "Ïëÿñóíîâ, Äàíèèë."]
[Black "Êó÷åðîâ, Ìàòâåé."]
[Result "0-1"]
[WhiteElo "1868"]
[BlackElo "1709"]
[PlyCount "118"]
[EventDate "2017.04.20"]

1. e4 e6 2. d4 d5 3. e5 c5 4. c3 Qb6 5. Nf3 Nc6 6. Bd3 cxd4 7. cxd4 Bd7 8. Bc2
Nb4 9. Nc3 Nxc2+ 10. Qxc2 Ne7 11. O-O Nf5 12. Be3 Be7 13. Rad1 O-O 14. Rfe1
Rac8 15. g4 Nxe3 16. Rxe3 f5 17. g5 Be8 18. Qe2 Bh5 19. h4 Rc4 20. Red3 Rfc8
21. Rc1 Bxf3 22. Rxf3 Rxd4 23. Kg2 Rc6 24. Rh1 Rcc4 25. b3 Rg4+ 26. Kf1 Rc6 27.
Rd3 Qb4 28. Qf3 Qf4 29. Qxf4 Rxf4 30. Kg2 Rb4 31. Ne2 Rbb6 32. Nd4 Rc8 33. f4
Ba3 34. Rb1 Kf7 35. h5 Ke7 36. Kf3 Kd7 37. Ke2 Bc5 38. Rc1 Bxd4 39. Rxc8 Kxc8
40. Rxd4 Kc7 41. Ra4 a6 42. Kd2 Rc6 43. Rd4 b5 44. Rd3 Kb6 45. Rc3 b4 46. Rd3
Kb5 47. h6 g6 48. Rd4 Kc5 49. Ke3 Kb5 50. Kd2 Rc3 51. a4+ Kc5 52. Rd3 d4 53.
Ke2 Rxd3 54. Kxd3 Kd5 55. Kd2 Ke4 56. Ke2 d3+ 57. Kd2 Kd4 58. Kd1 Kc3 59. Kc1
Kxb3 0-1

[Event "Ì13Â "]
[Site "Loo"]
[Date "2017.04.20"]
[Round "1.19"]
[White "Òèòîâ, Àëåêñàíäð."]
[Black "Âàñèëüåâ, Àëåêñåé."]
[Result "1-0"]
[WhiteElo "1704"]
[BlackElo "1861"]
[PlyCount "53"]
[EventDate "2017.04.20"]

1. d4 Nf6 2. Nf3 e6 3. c4 Bb4+ 4. Bd2 c5 5. a3 Bxd2+ 6. Qxd2 cxd4 7. Nxd4 O-O
8. Nc3 a6 9. g3 Qc7 10. b3 Nc6 11. Bg2 Qb6 12. Nxc6 bxc6 13. Rb1 d5 14. O-O Qc5
15. b4 Qe7 16. e4 dxc4 17. Rfd1 a5 18. Ne2 axb4 19. axb4 Ba6 20. Qc3 Bb5 21.
Nd4 Rad8 22. f3 Rd7 23. Bf1 Rfd8 24. Rb2 Rxd4 25. Rxd4 Qa7 26. Rbd2 Qb6 27. Kg2
1-0

[Event "Ì13Â "]
[Site "Loo"]
[Date "2017.04.20"]
[Round "1.20"]
[White "Æóêîâ, Ìàêñèì."]
[Black "Äìèòðèåâ, Èâàí."]
[Result "1-0"]
[WhiteElo "1850"]
[BlackElo "1666"]
[PlyCount "113"]
[EventDate "2017.04.20"]

1. d4 e6 2. c4 b6 3. Nf3 Bb4+ 4. Bd2 Bxd2+ 5. Qxd2 Nf6 6. g3 O-O 7. Nc3 Bb7 8.
Bg2 d6 9. O-O Nbd7 10. Rfd1 Ne4 11. Qc2 f5 12. d5 Nxc3 13. Qxc3 e5 14. b4 Qe7
15. Nd2 a5 16. a3 axb4 17. axb4 Rxa1 18. Rxa1 Ra8 19. Rxa8+ Bxa8 20. Qa3 Qd8
21. Bh3 g6 22. e4 Bb7 23. exf5 gxf5 24. Bxf5 Nf6 25. Qa7 Qa8 26. Qxa8+ Bxa8 27.
b5 Bb7 28. f3 Kg7 29. Ne4 Nxd5 30. cxd5 Bxd5 31. Kf2 Bc4 32. Bd7 d5 33. Nd2 Bd3
34. Ke3 Bc2 35. f4 d4+ 36. Kf3 Kf6 37. g4 h6 38. Bc6 Bd3 39. h4 exf4 40. Kxf4
Be2 41. g5+ hxg5+ 42. hxg5+ Kg7 43. Nf3 d3 44. Nd2 Bd1 45. Be4 Ba4 46. Bc6 Bd1
47. Ke3 Kg6 48. Nf3 Bc2 49. Be4+ Kg7 50. Bxd3 Ba4 51. Nd4 Bxb5 52. Nxb5 c6 53.
Nd6 c5 54. Nc8 c4 55. Bxc4 Kg6 56. Kf4 b5 57. Bxb5 1-0

[Event "Ì13Â "]
[Site "Loo"]
[Date "2017.04.20"]
[Round "1.21"]
[White "Áîáûëåâ, Íèêèòà."]
[Black "Õàðèòîíîâ, Åãîð."]
[Result "1-0"]
[WhiteElo "1640"]
[BlackElo "1850"]
[PlyCount "115"]
[EventDate "2017.04.20"]

1. e4 c5 2. Nf3 e6 3. c3 Nf6 4. Bd3 d6 5. O-O Nc6 6. Bc2 Be7 7. d4 cxd4 8. cxd4
Nb4 9. Ba4+ Bd7 10. Nc3 O-O 11. Bxd7 Qxd7 12. Be3 Rfd8 13. Qe2 Rac8 14. Rfd1 d5
15. e5 Ne4 16. Nxe4 dxe4 17. Ne1 Qd5 18. a3 Nc6 19. Qd2 Na5 20. Qe2 Nb3 21.
Rab1 Qc4 22. Qxc4 Rxc4 23. f3 f5 24. exf6 Bxf6 25. fxe4 Nxd4 26. Nf3 a6 27.
Nxd4 Bxd4 28. Bxd4 Rdxd4 29. Rxd4 Rxd4 30. Rc1 b5 31. Rc6 a5 32. Ra6 a4 33.
Rxe6 Rd1+ 34. Kf2 Rd2+ 35. Kf3 Rxb2 36. Rb6 Kf7 37. h4 h6 38. g4 g5 39. hxg5
hxg5 40. e5 Rb3+ 41. Ke4 Rxa3 42. Rxb5 Rb3 43. Ra5 a3 44. Kf5 Re3 45. Kxg5 a2
46. Rxa2 Rxe5+ 47. Kh6 Re6+ 48. Kh7 Re1 49. Rf2+ Ke7 50. g5 Rg1 51. g6 Rh1+ 52.
Kg7 Rg1 53. Re2+ Kd7 54. Kf7 Rf1+ 55. Kg8 Rg1 56. g7 Kd6 57. Rh2 Ke7 58. Kh7
1-0

[Event "Ì13Â "]
[Site "Loo"]
[Date "2017.04.20"]
[Round "1.22"]
[White "Åðàñòîâ, Ñåìåí."]
[Black "Àòîâìÿí, Àðò¸ì."]
[Result "1/2-1/2"]
[WhiteElo "1838"]
[BlackElo "1638"]
[PlyCount "177"]
[EventDate "2017.04.20"]

1. d4 d5 2. c4 c6 3. Nc3 Nf6 4. e3 Bf5 5. cxd5 cxd5 6. Qb3 Qd7 7. Nf3 e6 8. Bb5
Nc6 9. Ne5 Qc7 10. Qa4 Rc8 11. Qxa7 Bd6 12. Bxc6+ bxc6 13. Qxc7 Rxc7 14. Nf3 h6
15. Ke2 O-O 16. a3 Rb8 17. b4 Ra7 18. Bb2 Nd7 19. Rhc1 Nb6 20. Nd2 Rc8 21. Nd1
Na4 22. Nb3 Nxb2 23. Nxb2 e5 24. Nd3 exd4 25. Nxd4 Bd7 26. Nc5 Be8 27. Ncb3 Be5
28. Kd3 Kf8 29. Ra2 Raa8 30. Nc5 Rcb8 31. Rcc2 g6 32. Ndb3 Bc7 33. Nd4 Be5 34.
f4 Bf6 35. Ndb3 Bd8 36. Nd4 Bf6 37. Ncb3 Rc8 38. Rc5 Bd8 39. Nf3 Be7 40. Rcc2
Bd7 41. Nfd4 Be8 42. g3 Bd7 43. Nc5 Be8 44. g4 Rcb8 45. Ncb3 Rc8 46. f5 g5 47.
Nf3 Bd6 48. Nc5 Rcb8 49. h4 gxh4 50. Nxh4 Bxc5 51. bxc5 Rb3+ 52. Rc3 Rxc3+ 53.
Kxc3 Ra4 54. Rg2 Rxa3+ 55. Kd4 Ke7 56. Nf3 Ra4+ 57. Kd3 Bd7 58. Ne5 Re4 59.
Nxd7 Kxd7 60. Rh2 Rxg4 61. Rxh6 Re4 62. Rh7 Ke7 63. Rh6 Kd7 64. Rf6 Re7 65.
Rd6+ Kc7 66. Rf6 Kd7 67. Ke2 d4 68. Rd6+ Kc7 69. Rxd4 Re5 70. e4 Rxc5 71. Kf3
f6 72. Kf4 Rc1 73. Rd2 Rf1+ 74. Ke3 Re1+ 75. Kf3 Rf1+ 76. Ke2 Rh1 77. Rd4 Rh2+
78. Kd3 Rh3+ 79. Kc4 Rh1 80. Rd2 Rc1+ 81. Kd4 Kd6 82. e5+ fxe5+ 83. Ke4+ Ke7
84. Kxe5 Re1+ 85. Kf4 Rf1+ 86. Ke4 Re1+ 87. Kd4 Kf6 88. Rc2 Kxf5 89. Rxc6
1/2-1/2

[Event "Ì13Â "]
[Site "Loo"]
[Date "2017.04.20"]
[Round "1.23"]
[White "×óìàåâñêèé, Àðñåíèé."]
[Black "Ìàõëèí, Ìèðîí."]
[Result "0-1"]
[WhiteElo "1595"]
[BlackElo "1832"]
[PlyCount "74"]
[EventDate "2017.04.20"]

1. c4 c5 2. Nc3 Nc6 3. g3 g6 4. Bg2 Bg7 5. e3 e6 6. Nge2 Nge7 7. d4 cxd4 8.
exd4 d5 9. cxd5 Nxd5 10. Nxd5 exd5 11. O-O O-O 12. Be3 Bg4 13. h3 Bxe2 14. Qxe2
Qd7 15. Qb5 Rfd8 16. Rfd1 a6 17. Qb6 Rac8 18. Rac1 Bf8 19. Rc3 Qc7 20. Qb3 h6
21. Bxd5 Qd7 22. Bg2 Bg7 23. Rcd3 Na5 24. Qb4 Nc4 25. Bxb7 a5 26. Bxc8 Rxc8 27.
Qb3 a4 28. Qb4 Bf8 29. Qe1 Nxb2 30. Kh2 Nxd3 31. Rxd3 Qd5 32. Qd2 Kh7 33. Qb2
Bd6 34. Qb6 Rb8 35. Qa6 Rb1 36. f3 Qxf3 37. Bg1 Bxg3# 0-1

[Event "Ì13Â "]
[Site "Loo"]
[Date "2017.04.20"]
[Round "1.24"]
[White "Áàçûðöûðåíîâ, Êèðèëë."]
[Black "Áîéêî, Àëåêñàíäð."]
[Result "1-0"]
[WhiteElo "1831"]
[BlackElo "1586"]
[PlyCount "63"]
[EventDate "2017.04.20"]

1. e4 d6 2. d4 Nf6 3. Nc3 g6 4. f3 Bg7 5. Be3 O-O 6. Qd2 c6 7. Bh6 Qc7 8. h4 b5
9. h5 Bxh6 10. Qxh6 e5 11. Nge2 b4 12. Nd1 c5 13. d5 c4 14. g4 Na6 15. g5 Ne8
16. Ne3 c3 17. b3 Qe7 18. Ng3 Nac7 19. Bh3 Bxh3 20. Rxh3 Ng7 21. hxg6 fxg6 22.
Qxh7+ Kf7 23. Ngf5 gxf5 24. Nxf5 Qxg5 25. Rg3 Rh8 26. Qxg7+ Qxg7 27. Rxg7+ Kf6
28. Kf2 Rh2+ 29. Ke3 Ne8 30. Rg8 Rxc2 31. Rag1 Rxa2 32. Rf8# 1-0

[Event "Ì13Â "]
[Site "Loo"]
[Date "2017.04.20"]
[Round "1.25"]
[White "Ñìèðíîâ, Ñàâåëèé."]
[Black "Òðîôèìîâ, Èâàí."]
[Result "1-0"]
[WhiteElo "1532"]
[BlackElo "1826"]
[PlyCount "111"]
[EventDate "2017.04.20"]

1. e4 c5 2. Nf3 Nc6 3. d4 cxd4 4. Nxd4 Nf6 5. Nc3 e5 6. Ndb5 d6 7. Bg5 a6 8.
Na3 b5 9. Nd5 Be7 10. Nxe7 Qxe7 11. Be2 O-O 12. O-O Bb7 13. c3 h6 14. Bxf6 Qxf6
15. Nc2 Ne7 16. Bf3 Rfd8 17. Ne3 Rab8 18. Qe2 Qg6 19. Nc2 d5 20. exd5 Nxd5 21.
Bxd5 Bxd5 22. Ne3 Be6 23. a4 Qe4 24. axb5 axb5 25. Rfd1 Bc4 26. Qh5 Be6 27. Qe2
Re8 28. Rd2 b4 29. c4 b3 30. Rad1 Rec8 31. f3 Qf4 32. Nd5 Bxd5 33. cxd5 Rd8 34.
Qe4 Qxe4 35. fxe4 Rb4 36. Re2 Kf8 37. Kf2 Ke7 38. Rd3 Rc8 39. Kf3 Rc2 40. h3
Rxe2 41. Kxe2 Rxe4+ 42. Kd2 Rb4 43. Kc3 Rb6 44. Kc4 Kd6 45. Rg3 g6 46. h4 h5
47. Rf3 Rb7 48. Rf6+ Ke7 49. Rf3 Rc7+ 50. Kxb3 Kd6 51. Ka4 Kxd5 52. b4 Kc4 53.
Ka5 Rb7 54. Re3 Rb5+ 55. Ka6 Kxb4 56. Re4+ 1-0

[Event "Ä15Ï "]
[Site "Loo"]
[Date "2017.04.20"]
[Round "1.1"]
[White "Áû÷åíêîâà, Àíãåëèíà."]
[Black "Òóêàåâà, Àèäà."]
[Result "1/2-1/2"]
[WhiteElo "1500"]
[BlackElo "1852"]
[PlyCount "136"]
[EventDate "2017.04.20"]

1. d4 Nf6 2. Nf3 e6 3. Bf4 c5 4. e3 Qb6 5. Qc1 d6 6. c3 Bd7 7. Bd3 Bc6 8. Nbd2
Nbd7 9. h3 Rc8 10. Nc4 Qc7 11. Qd1 b5 12. Ncd2 c4 13. Bc2 Be7 14. O-O O-O 15.
Qe2 h6 16. Rfd1 Rfd8 17. Bg3 Bb7 18. a3 a5 19. Rac1 Ba6 20. Qe1 Qb8 21. Ne4 Nd5
22. Ra1 Qb6 23. Ned2 N5f6 24. Ne4 d5 25. Nxf6+ Nxf6 26. e4 Bb7 27. e5 Nd7 28.
Qd2 b4 29. Bf4 Bf8 30. Bb1 bxc3 31. Qxc3 Qb3 32. Qxb3 cxb3 33. Bd3 a4 34. Rac1
Nb6 35. Nd2 Be7 36. Kf1 Kf8 37. Ke2 Rc6 38. Bb5 Rxc1 39. Rxc1 Rc8 40. Rxc8+
Bxc8 41. Kd3 Bd7 42. Ba6 Ke8 43. Nb1 Kd8 44. Nc3 Kc7 45. Bb5 Bxb5+ 46. Nxb5+
Kc6 47. Nd6 Bxd6 48. exd6 Nc4 49. Kc3 g5 50. Be5 f6 51. Bxf6 Kxd6 52. Bg7 h5
53. Bh6 g4 54. hxg4 hxg4 55. Bc1 e5 56. dxe5+ Nxe5 57. Kd4 Nc6+ 58. Kd3 Kc5 59.
Bf4 d4 60. f3 gxf3 61. gxf3 Kd5 62. Bg3 Ne7 63. Bf2 Nf5 64. f4 Kc5 65. Ke4 Nd6+
66. Ke5 Nc4+ 67. Ke4 Nd6+ 68. Ke5 Nc4+ 1/2-1/2

[Event "Ä15Ï "]
[Site "Loo"]
[Date "2017.04.20"]
[Round "1.2"]
[White "Ñåëåçíåâà, Åêàòåðèíà."]
[Black "Êèñåëåâà, Åëèçàâåòà."]
[Result "1/2-1/2"]
[WhiteElo "1845"]
[BlackElo "1499"]
[PlyCount "82"]
[EventDate "2017.04.20"]

1. e4 c5 2. Nf3 d6 3. d4 cxd4 4. Nxd4 Nf6 5. Nc3 a6 6. Nb3 e6 7. Be2 Be7 8. O-O
b5 9. a3 Bb7 10. Bd3 Nbd7 11. Be3 O-O 12. f4 Rc8 13. Qe2 Nc5 14. Nd2 Nfd7 15.
Rac1 Bf6 16. Ndb1 Nxd3 17. cxd3 Nc5 18. Qd1 d5 19. Bxc5 Rxc5 20. e5 Be7 21. d4
Rc8 22. Na2 Qb6 23. Qd2 Rc4 24. Rfd1 Rfc8 25. b3 Rxc1 26. Rxc1 Rxc1+ 27. Nxc1
b4 28. a4 a5 29. Ne2 Ba6 30. Kf2 h6 31. g3 Qa7 32. h4 Bd8 33. Qe3 Bb6 34. Nd2
Bxe2 35. Kxe2 Bxd4 36. Qd3 Bc3 37. Nf3 Qc5 38. f5 exf5 39. Qxf5 d4 40. Qe4 Qb6
41. Kd3 Qa6+ 1/2-1/2

[Event "Ä15Ï "]
[Site "Loo"]
[Date "2017.04.20"]
[Round "1.3"]
[White "Áåëîâà, Êñåíèÿ."]
[Black "Íàñûáóëëèíà, Äàÿíà."]
[Result "0-1"]
[WhiteElo "1497"]
[BlackElo "1786"]
[PlyCount "60"]
[EventDate "2017.04.20"]

1. e4 c5 2. Nf3 Nc6 3. d4 cxd4 4. Nxd4 g6 5. Nc3 Nf6 6. Be3 Bg7 7. Qd2 d6 8.
Be2 O-O 9. Nb3 Ng4 10. Bxg4 Bxg4 11. f3 Be6 12. h4 Ne5 13. Bd4 Nc4 14. Qe2 Nxb2
15. Bxg7 Kxg7 16. h5 Rc8 17. Rb1 Rxc3 18. Rxb2 Bxb3 19. axb3 Qa5 20. Kf2 Qc5+
21. Kf1 Rc8 22. hxg6 fxg6 23. Qd2 h5 24. Rh3 Rxc2 25. Rxc2 Qxc2 26. Qd4+ Kh7
27. g4 Qc1+ 28. Kf2 Rc2+ 29. Kg3 Qe1+ 30. Kf4 e5+ 0-1

[Event "Ä15Ï "]
[Site "Loo"]
[Date "2017.04.20"]
[Round "1.4"]
[White "Êîðîáèöûíà, Îëåñÿ."]
[Black "Øóìàêîâà, Ñâåòëàíà."]
[Result "1-0"]
[WhiteElo "1769"]
[BlackElo "1494"]
[PlyCount "137"]
[EventDate "2017.04.20"]

1. d4 d5 2. Nf3 Nf6 3. c4 e6 4. g3 dxc4 5. Bg2 Nbd7 6. O-O Be7 7. Nc3 O-O 8. e4
Nb6 9. Qe2 a6 10. Rd1 Bd7 11. Ne5 Rb8 12. Nxc4 Nxc4 13. Qxc4 b5 14. Qd3 b4 15.
Ne2 Bb5 16. Qc2 a5 17. Bf4 Rc8 18. d5 exd5 19. e5 Nd7 20. Rxd5 c5 21. Bh3 Qe8
22. e6 Nf6 23. exf7+ Rxf7 24. Bxc8 Nxd5 25. Be6 Nf6 26. Re1 Bf8 27. Bxf7+ Qxf7
28. Be5 Bxe2 29. Qxe2 Qxa2 30. Bxf6 gxf6 31. Qg4+ Kh8 32. Qh5 Kg7 33. Qg4+ Kh8
34. Qd7 Kg8 35. Re8 Qf7 36. Qxf7+ Kxf7 37. Ra8 Bd6 38. Ra7+ Kg6 39. Rxa5 Be5
40. b3 Bd4 41. Kf1 Kf5 42. f3 Ke5 43. Ke2 h5 44. h3 Kd5 45. Ra8 Bg1 46. Rh8 Kd4
47. Kd2 Be3+ 48. Kc2 Bf2 49. g4 h4 50. Rf8 Ke5 51. Kd3 Bd4 52. Rh8 Bf2 53. Rh6
Be1 54. Kc4 Bf2 55. Kb5 Ke6 56. g5 Kf5 57. gxf6 Ke6 58. Kc4 Kf7 59. Kd5 Be1 60.
Kxc5 Ke6 61. Kc4 Kf7 62. Kd5 Kg8 63. Ke6 Bg3 64. f7+ Kg7 65. Rg6+ Kxg6 66. f8=Q
Be1 67. Qg8+ Kh6 68. Kf5 Bc3 69. Qg6# 1-0

[Event "Ä15Ï "]
[Site "Loo"]
[Date "2017.04.20"]
[Round "1.5"]
[White "Ñàìîøêèíà, Âèêòîðèÿ."]
[Black "Ñòðóêîâà, Êñåíèÿ."]
[Result "0-1"]
[WhiteElo "1482"]
[BlackElo "1762"]
[PlyCount "96"]
[EventDate "2017.04.20"]

1. e4 c5 2. Nf3 d6 3. d4 cxd4 4. Nxd4 Nf6 5. Nc3 a6 6. g3 e5 7. Nde2 b5 8. a3
Bb7 9. Bg2 Nbd7 10. O-O Be7 11. Be3 O-O 12. Re1 Rc8 13. f3 Nb6 14. Bf2 d5 15.
exd5 Nfxd5 16. Kh1 Nxc3 17. Qxd8 Bxd8 18. Nxc3 Nc4 19. Rab1 Nd2 20. Rbd1 Nc4
21. b3 Nxa3 22. Rd3 Nxc2 23. Red1 Nb4 24. Rd7 Bc6 25. R7d2 Bg5 26. Re2 Bxf3 27.
Bxf3 Rxc3 28. Bg2 Rxb3 29. Rxe5 Bf6 30. Re4 Nd3 31. Bg1 Nb2 32. Rb1 Rd3 33. Bf1
Rd1 34. Rxd1 Nxd1 35. Be2 Nc3 36. Re3 Nxe2 37. Rxe2 b4 38. Bc5 b3 39. Bxf8 Kxf8
40. Re3 b2 41. Rb3 a5 42. Kg2 a4 43. Rb8+ Ke7 44. Rb7+ Kd6 45. Rb6+ Kc5 46. Rb8
a3 47. Rc8+ Kd5 48. Rb8 a2 0-1

[Event "Ä15Ï "]
[Site "Loo"]
[Date "2017.04.20"]
[Round "1.6"]
[White "Êóäðÿâöåâà, Ìàðèÿ."]
[Black "Åìåëüÿíåíêî, Ìàðèíà."]
[Result "1-0"]
[WhiteElo "1758"]
[BlackElo "1480"]
[PlyCount "107"]
[EventDate "2017.04.20"]

1. d4 e6 2. c4 d5 3. Nc3 Be7 4. Bf4 Nf6 5. Nf3 O-O 6. e3 c5 7. Be2 Nc6 8. O-O
b6 9. Rc1 Bb7 10. a3 Rc8 11. cxd5 exd5 12. Qb3 c4 13. Qc2 a6 14. Rcd1 b5 15. e4
dxe4 16. Nxe4 Nxe4 17. Qxe4 Re8 18. Qc2 Bd6 19. Be3 Ne7 20. Ng5 g6 21. Ne4 Nf5
22. Nxd6 Qxd6 23. Qd2 Qe7 24. Bg4 Nxe3 25. fxe3 Rc7 26. Rde1 Qg5 27. Bf3 Bc8
28. Qa5 Rce7 29. e4 Bb7 30. e5 Bxf3 31. Rxf3 Qg4 32. Qd2 Rd7 33. Rf4 Qg5 34.
Qe3 Re6 35. Qf2 Rde7 36. Rf1 f5 37. Re1 Rd7 38. Qf3 Qd8 39. Qf2 a5 40. Rf1 b4
41. axb4 axb4 42. g4 Rf7 43. Qg2 Rg7 44. Re1 g5 45. Rxf5 Qxd4+ 46. Kh1 Qd8 47.
Qe4 Qe8 48. Rc1 Rc6 49. Qd5+ Kh8 50. Rcf1 Rg8 51. e6 Qe7 52. Rf7 Qd6 53. Qf5
Qd4 54. Qxh7# 1-0

[Event "Ä15Ï "]
[Site "Loo"]
[Date "2017.04.20"]
[Round "1.7"]
[White "Àáðàìîâà, Ìàðèÿ."]
[Black "Ñàôðîíîâà, Àëåêñàíäðà."]
[Result "0-1"]
[WhiteElo "1479"]
[BlackElo "1749"]
[PlyCount "50"]
[EventDate "2017.04.20"]

1. d4 c5 2. c4 Nf6 3. Nf3 cxd4 4. Nxd4 d6 5. g3 Nc6 6. Bg2 Bd7 7. O-O g6 8. Nc3
Bg7 9. Nf3 O-O 10. h3 Be6 11. Nh2 Bxc4 12. f4 Qb6+ 13. Kh1 Nh5 14. Qe1 Nb4 15.
g4 Nc2 16. Qh4 Bf6 17. g5 Bxc3 18. bxc3 Nxa1 19. Bf3 Qb5 20. Bxh5 gxh5 21. Rg1
Bd5+ 22. Nf3 Qxe2 23. Rg3 Bxf3+ 24. Kg1 Qe1+ 25. Kh2 Qh1# 0-1